000 00223nam a2200085Ia 4500
008 211105s9999 xx 000 0 und d
020 _a"
100 _a Tolkien, J. R. R. , 1892-1973
_9125873
245 4 _aThe Lord of the Rings
999 _c596028
_d596027